[Event "PER-ch"]
[Site "Lima"]
[Date "2017.03.03"]
[Round "5"]
[White "Ochochoque Hernandez, Julio"]
[Black "Franco, Jorge"]
[Result "0-1"]
[WhiteElo "1740"]
[BlackElo "2042"]
[PlyCount "74"]
[EventDate "2017.03.01"]
[EventType "swiss"]
[EventRounds "9"]
[EventCountry "PER"]
[SourceTitle "CBM 177 Extra"]
[Source "ChessBase"]
[SourceDate "2017.04.27"]
[SourceVersion "1"]
[SourceVersionDate "2017.04.27"]
[SourceQuality "1"]

1. e4 c5 2. Nc3 Nc6 3. g3 g6 4. Bg2 Bg7 5. f4 d6 6. Nf3 Nf6 7. d3 0-0 8. 0-0 Bg4 9. h3 Bxf3 10. Qxf3 Rb8 11. Kh1 Nd7 12. g4 b5 13. Qf2 b4 14. Ne2 Nd4 15. Nxd4 Bxd4 16. Qg3 Qc7 17. f5 c4 18. Bh6 Rfe8 19. Rab1 cxd3 20. Qxd3 Bf6 21. g5 Bh8 22. Rf2 Rbc8 23. Rbf1 Ne5 24. fxg6 hxg6 25. Qg3 Qc4 26. b3 Qd4 27. h4 Rc3 28. Qf4 Qe3 29. Qxe3 Rxe3 30. Rd2 Rc8 31. Rd4 Rxc2 32. Rxb4 Ree2 33. Rg1 Nc6 34. Rb7 Bd4 35. Rc7 Bxg1 36. Rc8+ Kh7 37. Rf8 Ne5 0-1

[Event "PER-ch"]
[Site "Lima"]
[Date "2017.03.03"]
[Round "6"]
[White "Salazar Sanchez, Josue"]
[Black "Ochochoque Hernandez, Julio"]
[Result "0-1"]
[WhiteElo "1555"]
[BlackElo "1740"]
[PlyCount "80"]
[EventDate "2017.03.01"]
[EventType "swiss"]
[EventRounds "9"]
[EventCountry "PER"]
[SourceTitle "CBM 177 Extra"]
[Source "ChessBase"]
[SourceDate "2017.04.27"]
[SourceVersion "1"]
[SourceVersionDate "2017.04.27"]
[SourceQuality "1"]

1. d4 d5 2. Nf3 Nf6 3. Bf4 g6 4. e3 Bg7 5. Bd3 c5 6. dxc5 Qa5+ 7. c3 Qxc5 8. Na3 a6 9. Qc2 Nc6 10. Ne5 Ne4 11. Bxe4 dxe4 12. Nxc6 Qxc6 13. 0-0 0-0 14. Qe2 Be6 15. Nc2 Bc4 16. Qd2 Bxf1 17. Rxf1 Rfd8 18. Qe2 Qb5 19. Qxb5 axb5 20. a3 Rd2 21. Rc1 Rad8 22. Kf1 Rd1+ 23. Rxd1 Rxd1+ 24. Ke2 Rb1 25. f3 Rxb2 26. Kd2 f5 27. Bg5 Kf7 28. Bh4 Ke8 29. fxe4 fxe4 30. Be1 Kd7 31. Kc1 Rb3 32. Na1 Rxa3 33. Kb2 b4 34. Nb3 b6 35. Nd4 Bxd4 36. exd4 e3 37. cxb4 Rd3 38. Bc3 e2 39. Kc2 Rxc3+ 40. Kd2 Rc2+ 0-1